<?xml version="1.0" encoding="UTF-8"?><?xml-stylesheet type="text/xsl" href="static/style.xsl"?><OAI-PMH xmlns="http://www.openarchives.org/OAI/2.0/" xmlns:xsi="http://www.w3.org/2001/XMLSchema-instance" xsi:schemaLocation="http://www.openarchives.org/OAI/2.0/ http://www.openarchives.org/OAI/2.0/OAI-PMH.xsd"><responseDate>2026-04-27T19:59:42Z</responseDate><request verb="GetRecord" identifier="oai:uvadoc.uva.es:10324/8145" metadataPrefix="marc">https://uvadoc.uva.es/oai/request</request><GetRecord><record><header><identifier>oai:uvadoc.uva.es:10324/8145</identifier><datestamp>2021-06-29T10:26:53Z</datestamp><setSpec>com_10324_38</setSpec><setSpec>col_10324_852</setSpec></header><metadata><record xmlns="http://www.loc.gov/MARC21/slim" xmlns:doc="http://www.lyncode.com/xoai" xmlns:xsi="http://www.w3.org/2001/XMLSchema-instance" xmlns:dcterms="http://purl.org/dc/terms/" xsi:schemaLocation="http://www.loc.gov/MARC21/slim http://www.loc.gov/standards/marcxml/schema/MARC21slim.xsd">
<leader>00925njm 22002777a 4500</leader>
<datafield tag="042" ind1=" " ind2=" ">
<subfield code="a">dc</subfield>
</datafield>
<datafield tag="720" ind1=" " ind2=" ">
<subfield code="a">Sánchez Sousa, Elisa</subfield>
<subfield code="e">author</subfield>
</datafield>
<datafield tag="260" ind1=" " ind2=" ">
<subfield code="c">2014</subfield>
</datafield>
<datafield tag="520" ind1=" " ind2=" ">
<subfield code="a">El tema que se va a desarrollar en estas páginas es “La narrativa breve de Gustavo &#xd;
Martín Garzo”, en concreto su libro de 1992 El amigo de las mujeres. Como el mismo &#xd;
autor ha señalado, es uno de sus libros más especiales, algo que, al terminar de leer este &#xd;
trabajo, vamos a poder comprobar por nosotros mismos.</subfield>
</datafield>
<datafield tag="024" ind2=" " ind1="8">
<subfield code="a">http://uvadoc.uva.es/handle/10324/8145</subfield>
</datafield>
<datafield ind1=" " ind2=" " tag="653">
<subfield code="a">Martín Garzo, Gustavo - Crítica e interpretación</subfield>
</datafield>
<datafield tag="245" ind1="0" ind2="0">
<subfield code="a">La narrativa breve de Gustavo Martín Garzo: "El amigo de las mujeres".</subfield>
</datafield>
</record></metadata></record></GetRecord></OAI-PMH>